ბათუმის შოთა რუსთაველის სახელმწიფო უნივერსიტეტის ბიბლიოთეკა

საზღვაო ტრანსპორტის ეკონომიკა (ბიბ.ჩანაწერი № 34678)

000 -LEADER
fixed length control field 00765nam a2200229Ia 4500
001 - CONTROL NUMBER
control field 462
003 - CONTROL NUMBER IDENTIFIER
control field GE_BSU
008 - FIXED-LENGTH DATA ELEMENTS--GENERAL INFORMATION
fixed length control field 181216s||||||||xx |||||||||||||| ||und||
020 ## - INTERNATIONAL STANDARD BOOK NUMBER
International Standard Book Number 9789994094165
040 ## - CATALOGING SOURCE
Transcribing agency GE_BSU
080 ## - UNIVERSAL DECIMAL CLASSIFICATION NUMBER
Universal Decimal Classification number 338.47(075.8)
100 ## - MAIN ENTRY--PERSONAL NAME
Personal name დევაძე,ბაგრატ; იმნაიშვილი,ვალერიან
245 ## - TITLE STATEMENT
Title საზღვაო ტრანსპორტის ეკონომიკა
245 ## - TITLE STATEMENT
Remainder of title სახელმძღვანელო
260 ## - PUBLICATION, DISTRIBUTION, ETC.
Place of publication, distribution, etc. თბილისი
260 ## - PUBLICATION, DISTRIBUTION, ETC.
Name of publisher, distributor, etc. თობალისი
260 ## - PUBLICATION, DISTRIBUTION, ETC.
Date of publication, distribution, etc. 2008
300 ## - PHYSICAL DESCRIPTION
Extent 194გვ.
653 ## - INDEX TERM--UNCONTROLLED
Uncontrolled term საზღვაო ტრანსპორტის ეკონომიკა
942 ## - ADDED ENTRY ELEMENTS (KOHA)
Koha item type წიგნი
ეგზემპლარები
Withdrawn status Lost status Damaged status Not for loan Date acquired Barcode Date last seen Price effective from Koha item type
        2018-12-17 960 2018-12-17 2018-12-17 წიგნი